table de 4 jusqu'à 20 - Statistiques

Statistiques générales
  • Ce quiz a été pris 43 fois
  • Le résultat moyen est 10 sur 10
Statistiques - réponses
calcul réponse % Correct
3 x 4 12
100%
5 x 4 20
100%
7 x 4 28
100%
1 x 4 4
100%
10 x 4 40
100%
11 x 4 44
100%
12 x 4 48
100%
16 x 4 64
100%
20 x 4 80
100%
15 x 4 60
95%
17 x 4 68
95%
6 x 4 24
94%
9 x 4 36
94%
4 x 4 16
93%
14 x 4 56
93%
13 x 4 52
91%
2 x 4 8
91%
18 x 4 72
90%
8 x 4 32
88%
19 x 4 76
88%
Aucun quiz correspondant
Distribution des résultats
% des personnes avec chaque résultat
Percentile par nombre de réponses
Votre historique - résultats
Vous n’avez pas pris ce quiz